000 00384 a2200145 4500
999 _c12128
_d12128
003 OSt
005 20240111174951.0
008 240111b ||||| |||| 00| 0 eng d
020 _a978-1781577615
082 _a728.37
100 _a Dominic Bradbury
245 _aThe Secret life of the modern house: The evolution of the way we live now
260 _bIlex Press
_c2021
942 _2ddc